Top 30 countries with the surname Williams - Statistics

General Stats
  • This quiz has been taken 92 times
  • The average score is 18 of 30
Answer Stats
Population Answer % Correct
1,609,082 United States of America
100%
58,938 Canada
98%
88,727 Australia
94%
189,730 England
90%
3,570 Ireland
90%
10,002 New Zealand
89%
9,221 Scotland
86%
121,546 South Africa
85%
6,773 Brazil
83%
6,356 France
83%
8,690 Mexico
83%
57,603 Wales
82%
6,167 Argentina
71%
54,095 Jamaica
64%
368,027 Nigeria
60%
3,850 Bahamas
52%
8,004 Kenya
49%
51,841 Ghana
43%
14,194 Trinidad and Tobago
40%
3,891 Haiti
36%
2,645 Namibia
36%
17,364 Uganda
36%
33,509 Liberia
31%
3,863 Venezuela
31%
9,930 Guyana
30%
40,455 Sierra Leone
27%
5,846 Mozambique
25%
9,141 Togo
25%
4,071 Honduras
18%
4,732 Papua New Guinea
15%
No matching quizzes found
Score Distribution
Percent of People with Each Score
Percentile by Number Answered
Your Score History
You have not taken this quiz